Esztrád- együttes az újszegedi szövőgyárban
Elmentve itt :
| Dokumentumtípus: | Cikk |
|---|---|
| Megjelent: |
1963-05-03
|
| Sorozat: | Délmagyarország
53 No. 101 |
| Kulcsszavak: | Párkányi Gyula, KSZV Újszegedi Egysége, Kulturális élet munkásság Szeged 1963 |
| Online Access: | http://dmarchiv.bibl.u-szeged.hu/66895 |
| LEADER | 00490nab a2200145 i 4500 | ||
|---|---|---|---|
| 001 | delm66895 | ||
| 005 | 20180927153758.0 | ||
| 008 | 180927s1963 hu o 0|| hun d | ||
| 040 | |a SZTE Délmagyarország Archívum |b hun | ||
| 041 | |a hun | ||
| 245 | 0 | 0 | |a Esztrád- együttes az újszegedi szövőgyárban |h [elektronikus dokumentum] |
| 260 | |c 1963-05-03 | ||
| 300 | |a 5 | ||
| 490 | 0 | |a Délmagyarország |v 53 No. 101 | |
| 695 | |a Párkányi Gyula, KSZV Újszegedi Egysége, Kulturális élet munkásság Szeged 1963 | ||